000 00281nam a22001217a 4500
008 170602b xxu||||| |||| 00| 0 eng d
041 _aeng
080 _24TH
_a94(7/8)
100 _a17
101 _aSHH
245 _aTHE STREAM OF AMERICAN HISTORY
_cBALDWIN, L.D
942 _2udc
_cBK
999 _c15722
_d15722